Online Catalogue and eLibrary

The province of the book : (Record no. 5927)

MARC details
000 -LEADER
fixed length control field 00714cam a2200241 a 4500
001 - CONTROL NUMBER
control field 17366528
005 - DATE AND TIME OF LATEST TRANSACTION
control field 20241016024232.0
008 - FIXED-LENGTH DATA ELEMENTS--GENERAL INFORMATION
fixed length control field 111230s2012 ii a b 001 0 eng d
020 ## - INTERNATIONAL STANDARD BOOK NUMBER
ISBN 9788178243313
020 ## - INTERNATIONAL STANDARD BOOK NUMBER
ISBN 8178243318
040 ## - CATALOGING SOURCE (பட்டியலாக்க மூலம்)
Original cataloging agency DKAGE
Language of cataloging eng
Transcribing agency DKAGE
Modifying agency UKMGB
-- DLC
082 ## - DDC Classification
DDC Edition Number 22
Class No. 820
100 1# - MAIN ENTRY--PERSONAL NAME
Personal name Venkatachalapathy A.R.
245 14 - TITLE STATEMENT
Title The province of the book :
Remainder of title scholars, scribes, and scribblers in colonial Tamilnadu /
Statement of responsibility, etc. A.R. Venkatachalapathy.
260 ## - PUBLICATION, DISTRIBUTION, ETC.
Place of publication, distribution, etc. Ranikher
Name of publisher, distributor, etc. Permanent Black
Date of publication, distribution, etc. 2012.
300 ## - PHYSICAL DESCRIPTION
Extent (e.g. Volumes, Pages etc.) xvii, 292 p. :
650 #0 - SUBJECT ADDED ENTRY--TOPICAL TERM
Topical term or geographic name entry element Publishers and publishing
650 #0 - SUBJECT ADDED ENTRY--TOPICAL TERM
Topical term or geographic name entry element Tamil imprints
650 #0 - SUBJECT ADDED ENTRY--TOPICAL TERM
Topical term or geographic name entry element Printing
650 #0 - SUBJECT ADDED ENTRY--TOPICAL TERM
Topical term or geographic name entry element Authors and patrons
650 #0 - SUBJECT ADDED ENTRY--TOPICAL TERM
Topical term or geographic name entry element Tamil literature
942 ## - Koha item type (Biblio)
Koha item type Books in Stacks (Lending)
Holdings
Lost status Damaged status Collection code Home library Current library Date acquired Full call number Accession Number Item type
    Lending WERC Library WERC Library 10/16/2024 820 6871 Books in Stacks (Lending)

© WERC Library